000 00554nam a2200169 4500
001 120505
003 ES-MaACL
005 20250921063032.0
007 t|
008 070214s1934 fr r ||||1| fre d
100 1 _aPitollet, Camille,
_d1874-1964
_992417
245 1 0 _aSur un universitaire qui a mal tourne ou l'affaire Syveton et les methodes historiques de l'Action Française /
_cCamille Pitollet.
260 _aParis :
_bM. Depuys,
_c1934.
300 _a53 p. ;
_c23 x 14 cm.
852 _aES-MaACL
_j1783-F-30
999 _c120505
_d120505